Rodí se nové společnosti. Privatizace čs. bankovnictví.

V ČSFR transformácia vybraných štátnych peňažných ústavov na účastinné spoločnosti, ktoré by mali vzniknúť už v prvej vlne privatizácie. Transformácia sa uskutoční pomocou zahraničného kapitálu. Hlavné predpoklady a zásady privatizácie štátnych peňažných ústavov. Charakteristika peňažných ústavov, k...

Description complète

Enregistré dans:
Détails bibliographiques
Auteur principal: Rous, A.
Format: Chapitre de livre
Langue:tchèque
Sujets:
Tags: Ajouter un tag
Pas de tags, Soyez le premier à ajouter un tag!

MARC

LEADER 00000naa a2200000 4500
001 r006487
005 20221125075655.8
041 0 |a cze 
044 |a [CS] 
245 1 0 |a Rodí se nové společnosti.  |b Privatizace čs. bankovnictví.  |c A. Rous 
520 |a V ČSFR transformácia vybraných štátnych peňažných ústavov na účastinné spoločnosti, ktoré by mali vzniknúť už v prvej vlne privatizácie. Transformácia sa uskutoční pomocou zahraničného kapitálu. Hlavné predpoklady a zásady privatizácie štátnych peňažných ústavov. Charakteristika peňažných ústavov, ktoré budú zaradené do prvej vlny privatizácie: Komerčnej banky, Všeobecnej úverovej banky, Živnostenskej banky, zakladateľom ktorých je ŠBČS. 
610 2 0 |a banky 
610 2 0 |a bankovníctvo 
610 2 0 |a ČSFR 
610 2 0 |a privatizácia 
610 2 0 |a kapitál zahraničný 
100 1 |a Rous, A.